Thu nhận và nuôi cây tế bào sinh dưỡng báo gấm {Neofelis nebulosa (Griffth, 1821)} /
Tallennettuna:
| Päätekijä: | |
|---|---|
| Muut tekijät: | , |
| Aineistotyyppi: | Artikkeli |
| Kieli: | Vietnamese |
| Aiheet: | |
| Tagit: |
Lisää tagi
Ei tageja, Lisää ensimmäinen tagi!
|
| Thư viện lưu trữ: | Thư viện Trường Đại học Đà Lạt |
|---|
| LEADER | 00907nam a2200289 4500 | ||
|---|---|---|---|
| 001 | DLU110119323 | ||
| 005 | ##20110405 | ||
| 040 | # | # | |a DLU |b vie |
| 041 | # | # | |a vie |
| 044 | # | # | |a vn |
| 100 | # | # | |a Hoàng Nghĩa Sơn. |
| 245 | # | # | |a Thu nhận và nuôi cây tế bào sinh dưỡng báo gấm {Neofelis nebulosa (Griffth, 1821)} / |c Hoàng Nghĩa Sơn, Trần Cầm Tú, Lê Văn Ty. |
| 653 | # | # | |a Động vật hoang dã |
| 653 | # | # | |a Phương pháp nhân bản |
| 653 | # | # | |a Tế bào học |
| 700 | # | # | |a Lê Văn Ty. |
| 700 | # | # | |a Trần Cầm Tú. |
| 773 | # | # | |t Tạp chí sinh học |g Số 1(30), 2008, tr. 83--86 |
| 920 | # | # | |a Phòng Tạp chí -- Trung tâm Thông tin - Thư viện Trường Đại học Đà Lạt |
| 994 | # | # | |a DLU |
| 900 | # | # | |a True |
| 911 | # | # | |a Nguyễn Thị Linh Chi |
| 925 | # | # | |a G |
| 926 | # | # | |a A |
| 927 | # | # | |a BB |
| 980 | # | # | |a Thư viện Trường Đại học Đà Lạt |